| 000 | 01009cam a22002651i 4500 | ||
|---|---|---|---|
| 003 | SA_RiAUC | ||
| 005 | 20240917081231.0 | ||
| 008 | 240916s2010____ua a g 000 0 ara c | ||
| 020 | _a9786030038190 | ||
| 040 |
_aSA-MaUQU _bara _cSA-RiAUC _erda |
||
| 043 | _aa-su--- | ||
| 082 | 0 | 4 |
_a953.121 _bخ و ل |
| 090 |
_a953.121 _bخ و ل |
||
| 100 | 1 |
_aالخولي، محمد زكي عبد الحليم _eمؤلف. |
|
| 245 | 1 | 0 |
_aمسك الكلام في أخبار البلد الحرام / _cتأليف محمد زكي عبد الحليم الخولي. |
| 250 | _aالطبعة الأولى. | ||
| 264 | 1 |
_aدمنهور، مصر : _bدار لينة للنشر والتوزيع، _c2010 |
|
| 300 |
_a547 صفحة : _bإيضاحيات ؛ _c24 سم |
||
| 336 |
_aنص _btxt _2rdacontent _3كتاب |
||
| 337 |
_aبدون وسيط _bn _2rdamedia |
||
| 338 |
_aمجلد _bnc _2rdacarrier |
||
| 651 | 7 |
_aمكة المكرمة _xتاريخ _2aucsh |
|
| 942 |
_2ddc _cBOOK |
||
| 949 |
_aSA-JeALM _d240916 _umohamedma123 _n1 |
||
| 999 |
_c362 _d362 |
||